|
|
|
|
| LEADER |
00729nam a2200217Ia 4500 |
| 008 |
241007s9999||||xx |||||||||||||| ||und|| |
| 020 |
|
|
|a 978-958-41-0419-9
|
| 040 |
|
|
|a BIBLIOTECA-RURC/ 658.154 B946
|
| 041 |
|
|
|a spa
|
| 082 |
|
|
|a 658.154 B946
|
| 100 |
1 |
|
|a Burbano Ruiz, Jorge E.
|
| 245 |
1 |
0 |
|a Presupuestos: Un enfoque de direccionamiento estratégico. Gestión, y control de recursos.
|
| 250 |
|
|
|a 4a.ed.
|
| 260 |
|
|
|a Bogotá, Colombia
|b McGraw-Hill
|c 2011
|
| 300 |
|
|
|a 354 p. :il.
|
| 650 |
7 |
|
|a GENERALIDADES DEL PRESUPUESTO EMPRESARIAL
|
| 650 |
7 |
|
|b METODOLOGÍA PARA LA ELABORACIÓN DEL PRESUPUESTO
|
| 650 |
7 |
|
|c PLANEACIÓN DEL MARKETING Y PRESUPUESTOS COMERCIALES.
|
| 942 |
|
|
|c BK
|2 ddc
|
| 991 |
|
|
|a TEXTO
|
| 999 |
|
|
|c 14551
|